000 00479nam a2200169Ia 4500
008 230711s9999||||xx |||||||||||||| ||und||
020 _a978-93-81714-65-2
041 _aENG
082 _a633.1
_bMA-C
100 _aMatz,Samuel A
245 4 _aThe Chemistry and Technology of Cerals as Food and Feed
250 _a2nd Ed.
260 _c2014
_aNew Delhi
_bMedtech A Division of Scientific International
300 _a751p.
650 _aFood Science and Technology
942 _cBK
999 _c7409
_d7409